जूते / (Record no. 117358)

MARC details
000 -LEADER
fixed length control field 00979nam a22002537a 4500
005 - DATE AND TIME OF LATEST TRANSACTION
control field 20170124103054.0
010 ## - LIBRARY OF CONGRESS CONTROL NUMBER
LC control number A-575123
020 ## - INTERNATIONAL STANDARD BOOK NUMBER
Terms of availability 60.00
International Standard Book Number 818544532
035 ## - SYSTEM CONTROL NUMBER
System control number A-575123
037 ## - SOURCE OF ACQUISITION
Source of stock number/acquisition Cen Lib/Ret
040 ## - CATALOGING SOURCE
Original cataloging agency DPL
Language of cataloging HN
082 ## - DEWEY DECIMAL CLASSIFICATION NUMBER
Classification number
Item number शिवकु
100 ## - MAIN ENTRY--PERSONAL NAME
Personal name शिव कुमार शिव
9 (RLIN) 43299
245 ## - TITLE STATEMENT
Title जूते /
Statement of responsibility, etc शिव कुमार शिव
246 ## - VARYING FORM OF TITLE
Title proper/short title Jute
Remainder of title by Shivkumar Shiv
260 ## - PUBLICATION, DISTRIBUTION, ETC. (IMPRINT)
Place of publication, distribution, etc दिल्ली
Name of publisher, distributor, etc मानक पब्लिकेशन
Date of publication, distribution, etc 1992
270 ## - ADDRESS
Address 3ए -वीर सावरकर ब्लाक मधबन रोड शकरपुर
City दिल्ली
Postal code 1100392
300 ## - PHYSICAL DESCRIPTION
Extent 95पृष्ठ.
Dimensions 20सेमी(सजिल्द)
650 ## - SUBJECT ADDED ENTRY--TOPICAL TERM
Topical term or geographic name as entry element हिंदी साहित्य
9 (RLIN) 71525
650 ## - SUBJECT ADDED ENTRY--TOPICAL TERM
Topical term or geographic name as entry element हिंदी कहानी
9 (RLIN) 71526
650 ## - SUBJECT ADDED ENTRY--TOPICAL TERM
Topical term or geographic name as entry element hindi literature
9 (RLIN) 71527
650 ## - SUBJECT ADDED ENTRY--TOPICAL TERM
Topical term or geographic name as entry element hindi story
9 (RLIN) 43117
942 ## - ADDED ENTRY ELEMENTS (KOHA)
Source of classification or shelving scheme Dewey Decimal Classification
Koha item type Hindi Books
Classification part
Call number suffix शिवकु
Holdings
Withdrawn status Lost status Damaged status Not for loan Home library Current library Date acquired Source of acquisition Cost, normal purchase price Total Checkouts Full call number Barcode Date last seen Copy number Cost, replacement price Price effective from Koha item type
        Central Library Central Library 27/08/2015 Cen Lib /Ret 60.00   क शिवकु A-575123 27/08/2015 1 60.00 27/08/2015 Hindi Books

© Delhi Public Library
Hit Counter
free hit counter